[Event "Continental Class-ch"]
[Site "Arlington"]
[Date "2011.10.06"]
[Round "1"]
[White "Kekelidze, Mikheil"]
[Black "Bady, Glenn"]
[Result "1-0"]
[WhiteElo "2459"]
[BlackElo "2184"]
[PlyCount "57"]
[EventDate "2011.10.06"]
[EventType "swiss"]
[EventRounds "9"]
[EventCountry "USA"]
[SourceTitle "CBM 144 Extra"]
[Source "ChessBase"]
[SourceDate "2011.10.28"]
[SourceVersion "1"]
[SourceVersionDate "2011.10.28"]
[SourceQuality "1"]

1. d4 Nf6 2. c4 c5 3. d5 b5 4. cxb5 a6 5. b6 g6 6. Nc3 Bg7 7. e4 d6 8. a4 a5 9. Bb5+ Bd7 10. Nf3 Qxb6 11. e5 dxe5 12. Nxe5 Bxb5 13. axb5 0-0 14. 0-0 Rd8 15. Qf3 Qb7 16. Nc6 Nxc6 17. dxc6 Qb6 18. Re1 Re8 19. Bg5 Rac8 20. Rad1 h6 21. Bf4 Nh5 22. Be5 Bxe5 23. Rxe5 Nf6 24. Rd7 Rc7 25. Qxf6 exf6 26. Rxe8+ Kg7 27. Rdd8 h5 28. Rb8 Qa7 29. b6 1-0

[Event "Miami op"]
[Site "Miami"]
[Date "2007.09.28"]
[Round "4"]
[White "Ginsburg, Mark"]
[Black "Bady, Glenn"]
[Result "1-0"]
[WhiteElo "2372"]
[BlackElo "2185"]
[PlyCount "67"]
[EventDate "2007.09.26"]
[EventType "swiss"]
[EventRounds "9"]
[EventCountry "USA"]
[SourceTitle "CBM 120 Extra"]
[Source "ChessBase"]
[SourceDate "2007.11.01"]
[SourceVersion "1"]
[SourceVersionDate "2007.11.01"]
[SourceQuality "1"]

1. c4 e5 2. Nc3 Nf6 3. Nf3 Nc6 4. g3 Bc5 5. d3 d5 6. cxd5 Nxd5 7. Bg2 Nde7 8. 0-0 0-0 9. Bd2 a6 10. Rc1 Ba7 11. a3 h6 12. b4 Bg4 13. Na4 Re8 14. Nc5 Qc8 15. a4 Rb8 16. Re1 Ng6 17. Nxa6 bxa6 18. Rxc6 Re6 19. Rc4 Rf6 20. Qc2 c6 21. Rc1 Bd7 22. Be1 Qe8 23. Nd2 Ne7 24. Ne4 Rg6 25. Nc5 Bxc5 26. Rxc5 Nd5 27. b5 axb5 28. axb5 Nf4 29. bxc6 Bg4 30. c7 Rc8 31. f3 Bd7 32. gxf4 Bh3 33. Bg3 Bxg2 34. Rxe5 1-0